Crude oil refining / (Record no. 43997)

MARC details
001 - CONTROL NUMBER
control field 24080971
003 - CONTROL NUMBER IDENTIFIER
control field 0000
005 - DATE AND TIME OF LATEST TRANSACTION
control field 20251118150138.0
006 - FIXED-LENGTH DATA ELEMENTS--ADDITIONAL MATERIAL CHARACTERISTICS--GENERAL INFORMATION
fixed length control field m |o d |
007 - PHYSICAL DESCRIPTION FIXED FIELD--GENERAL INFORMATION
fixed length control field cr_|||||||||||
008 - FIXED-LENGTH DATA ELEMENTS--GENERAL INFORMATION
fixed length control field 250223s2025 flu ob 000 0 eng c
010 ## - LIBRARY OF CONGRESS CONTROL NUMBER
LC control number 2024057168
020 ## - INTERNATIONAL STANDARD BOOK NUMBER
International Standard Book Number 9781032272153
035 ## - SYSTEM CONTROL NUMBER
System control number 24080971
035 ## - SYSTEM CONTROL NUMBER
System control number (DLC)24040117
040 ## - CATALOGING SOURCE
Original cataloging agency DLC
Language of cataloging eng
Transcribing agency DLC
Description conventions rda
042 ## - AUTHENTICATION CODE
Authentication code pcc
050 00 - LIBRARY OF CONGRESS CALL NUMBER
Classification number TP 690 .S55
082 00 - DEWEY DECIMAL CLASSIFICATION NUMBER
Classification number 333.8/23211
Edition number 23/eng/20250313
100 1# - MAIN ENTRY--PERSONAL NAME
Personal name Da Silva, Marcio Wagner
Relator term author
Relator code aut
-- http://id.loc.gov/vocabulary/relators/aut
Authority record control number http://id.loc.gov/authorities/names/no2022083503
245 10 - TITLE STATEMENT
Title Crude oil refining /
Statement of responsibility, etc Marcio Wagner da Silva.
Remainder of title A simplified approach
263 ## - PROJECTED PUBLICATION DATE
Projected publication date 2505
264 #1 - PUBLICATION, DISTRIBUTION, ETC. (IMPRINT)
Place of publication, distribution, etc Boca Raton FL :
Name of publisher, distributor, etc CRC Press,
Date of publication, distribution, etc 2023.
300 ## - PHYSICAL DESCRIPTION
Extent xiii, 267p. ill.
336 ## - CONTENT TYPE
Content type term text
Content type code txt
Source rdacontent
337 ## - MEDIA TYPE
Media type term computer
Media type code c
Source rdamedia
338 ## - CARRIER TYPE
Carrier type term online resource
Carrier type code cr
Source rdacarrier
504 ## - BIBLIOGRAPHY, ETC. NOTE
Bibliography, etc Includes bibliographical references.
505 0# - FORMATTED CONTENTS NOTE
Formatted contents note Current context of the downstream industry -- Overview of crude oil refining processes -- The role of transfer and stockpiling operations in a crude oil refinery -- Types and classification of storage tanks -- Blending operations (crude oil, LPG, fuel oil, gasoline and diesel) -- Flaring systems and how to manage this systems adequately -- Process safety management in transfer and stockpiling operations -- Calling the attention to TS - the relation with maintenance -- Asset integrity management in transfer and stockpiling sector -- Managing the interface between refinery stockpiling operations and middle stream companies -- Process safety and asset management in LPG and liquified gases storage farm -- Management of metering and billing operations -- Special topics in crude oil refining.
520 ## - SUMMARY, ETC.
Summary, etc "Transfer and Stockpiling Operations in the Crude Oil Refining Industry provides an overview of the stockpiling and storage operations in a crude oil refinery and how these operations relate to the processing areas within refineries. It explores and offers solutions to challenges related to the management of stockpiling operations, calling attention to an operation that is essential to the success of a refining business. Details the current state of the art as well as challenges and opportunities in the downstream industry. Discusses how stockpiling operations affect the success of a refining business and how underestimation can put a refining business at risk. Describes process safety and asset management. Presents case studies with technical and management solutions to guide readers on how to solve day to day issues. Filled with insights by an author sharing experience as a transfer and stockpiling manager at a major crude oil refinery, this book is an essential reference for oil and gas managers, technicians, and engineers seeking to better manage product flows for safety, environmental compliance, and economic performance"-- Provided by publisher.
588 ## - SOURCE OF DESCRIPTION NOTE
Source of description note Description based on print version record and CIP data provided by publisher; resource not viewed.
650 #0 - SUBJECT ADDED ENTRY--TOPICAL TERM
Topical term or geographic name as entry element Petroleum
General subdivision Refining
Authority record control number http://id.loc.gov/authorities/subjects/sh85100383
650 #0 - SUBJECT ADDED ENTRY--TOPICAL TERM
Topical term or geographic name as entry element Petroleum
General subdivision Storage
Authority record control number http://id.loc.gov/authorities/subjects/sh85100392
650 #0 - SUBJECT ADDED ENTRY--TOPICAL TERM
Topical term or geographic name as entry element Oil transfer operations
Authority record control number http://id.loc.gov/authorities/subjects/sh2001008004
650 #0 - SUBJECT ADDED ENTRY--TOPICAL TERM
Topical term or geographic name as entry element Petroleum industry and trade
Authority record control number http://id.loc.gov/authorities/subjects/sh85100430
776 1# - ADDITIONAL PHYSICAL FORM ENTRY
Relationship information Print version:
Main entry heading Da Silva, Marcio Wagner
Title Transfer and stockpiling operations in the crude oil refining industry
Edition First edition.
Place, publisher, and date of publication Boca Raton FL : CRC Press, 2025
International Standard Book Number 9781032750606
Record control number (DLC) 2024057167
906 ## - LOCAL DATA ELEMENT F, LDF (RLIN)
a 7
b cbc
c orignew
d 1
e ecip
f 20
g y-gencatlg
942 ## - ADDED ENTRY ELEMENTS (KOHA)
Source of classification or shelving scheme Library of Congress Classification
Koha item type Books
Holdings
Withdrawn status Lost status Source of classification or shelving scheme Damaged status Not for loan Permanent Location Current Location Date acquired Total Checkouts Full call number Barcode Date last seen Price effective from Koha item type
    Library of Congress Classification     NILE UNIVERSITY OF NIGERIA - MAIN LIBRARY NILE UNIVERSITY OF NIGERIA - MAIN LIBRARY 11/18/2025   TP 690 .S55 2023 0199424 11/18/2025 11/18/2025 Books